• 首页
  • 本馆介绍
  • 公告通知
  • 最新文献
  • 馆藏检索
  • 电子资源
  • 读者导购
  • 参考咨询
  • 我的图书馆
  • 登录
  • 详细信息显示
  • 放入我的书架
  • 预约/预借图书
  • 作者相关作品
  • 分类相关作品
  • 丛书相关作品
  • 出版社相关作品

书目信息

  • 表格格式
  • 工作单格式
  • 卡片格式
题名:
程序教学和教学机器
    
 
作者: 克劳德 , 普莱西 , 斯金纳 ;刘范 , 曹传咏 , 荆其诚
分册:  
出版信息: 北京   人民教育  1964
页数: 435页
开本: 19cm
丛书名:
单 册:
中图分类: G433
科图分类:
主题词: 电化教育 , 电化教学
电子资源:
ISBN:
000 00786nam0 2200253 450
001 0753865015
005 20070818145745.01
010    @d¥0.93
100    @a20070818d km y0chiy0120 ea
101 0  @achi
200 1  @a程序教学和教学机器@Acheng xu jiao xue he jiao xue ji qi@f(美)普莱西,斯金纳,克劳德@F(mei)pu lai xi,si jin na,ke lao de@g刘范,曹传咏,荆其诚@Gliu fan,cao chuan yong,jing qi cheng
210    @a北京@c人民教育@d1964
215    @a435页@d19cm
606 0  @a电化教育
606 0  @a电化教学
690    @aG433@v3
701  0 @a克劳德@Ake lao de
701  0 @a普莱西@Apu lai xi
701  0 @a斯金纳@Asi jin na
702  0 @a刘范@Aliu fan
702  0 @a曹传咏@Acao chuan yong
702  0 @a荆其诚@Ajing qi cheng
801  0 @aCN@bPFT@c20070818
905    @a213230@dG433@ee41@f1
    
    程序教学和教学机器/(美)普莱西,斯金纳,克劳德/刘范,曹传咏,荆其诚.-北京:人民教育,1964
    435页;19cm
    
    
    ISBN :¥0.93
    
●
相关链接 在E读中查询图书 在五车中查询图书 在当当中查询图书 在豆瓣中查询图书


正题名:程序教学和教学机器     索取号:G433/e41         预约/预借

序号 登录号 条形码 馆藏地/架位号 状态 备注
1 6301549   263015490   教育系资料室/ [索取号:G433/e41] 在馆    
唐山师范学院图书馆 欢迎您!
大连网信软件有限公司© 版权所有